书目信息 |
| 题名: |
闯祸天使
|
|
| 作者: | 普罗克特著(家拿大).张月娟 译 | |
| 分册: | ||
| 出版信息: | 北京 外语教学与研究出版社 1997.01 |
|
| 页数: | 325页 | |
| 开本: | 32开 | |
| 丛书名: | ||
| 单 册: | ||
| 中图分类: | H319.4:I | |
| 科图分类: | ||
| 主题词: | 英语 | |
| 电子资源: | ||
| ISBN: | 7-5600-1189-6 | |
| 000 | 00566nam0 2200181 45 | |
| 001 | 0009131533 | |
| 005 | 20081030161912.53 | |
| 010 | @a7-5600-1189-6@d10.80元 | |
| 100 | @a20000913d1997 km y0chiy0120 ea | |
| 101 | 0 | @achi |
| 200 | 1 | @a闯祸天使@AChuang Huo Tian Shi@f普罗克特著(家拿大).张月娟(译)@FPu Luo Ke Te Zhu(Jia Na Da).Zhang Yue Juan(Yi) |
| 210 | @a北京@c外语教学与研究出版社@d1997.01 | |
| 215 | @a325页@d32开 | |
| 606 | 0 | @a英语 |
| 690 | @aH319.4:I@v3 | |
| 701 | 0 | @a普罗克特著(家拿大).张月娟@4译 |
| 801 | @aCN@c20081030 | |
| 905 | @b138864-868@dH319.4:I@eP427@f5 | |
| 闯祸天使/普罗克特著(家拿大).张月娟(译).-北京:外语教学与研究出版社,1997.01 |
| 325页;32开 |
| ISBN 7-5600-1189-6:10.80元 |
| ● |
| 相关链接 |
|
|
|
正题名:闯祸天使
索取号:H319.4:I/P427
 
预约/预借
| 序号 | 登录号 | 条形码 | 馆藏地/架位号 | 状态 | 备注 |
| 1 | 138864 | 201388649 | 自科二线504/209语言库 17排1列2层/ [索取号:H319.4:I/P427] | 在馆 | |
| 2 | 138865 | 201388658 | 自科二线504/209语言库 17排1列2层/ [索取号:H319.4:I/P427] | 在馆 | |
| 3 | 138866 | 201388667 | 自科二线504/209语言库 17排1列2层/ [索取号:H319.4:I/P427] | 在馆 | |
| 4 | 138867 | 201388676 | 语言库209/ [索取号:H319.4:I/P427] | 在馆 | |
| 5 | 138868 | 201388685 | 自科二线504/209语言库 17排1列2层/ [索取号:H319.4:I/P427] | 在馆 | |
| 6 | 460818 | 204608184 | 自科二线504/209语言库 17排1列2层/ [索取号:H319.4:I/P427] | 在馆 |